[Event "Teplice Open 2019"]
[Site "Teplice"]
[Date "2019.06.17"]
[Round "3.18"]
[White "Blohberger, Felix"]
[Black "Sikora, Jan"]
[Result "1/2-1/2"]
[WhiteElo "2475"]
[BlackElo "2170"]
[Annotator "TA"]
[PlyCount "107"]
[EventDate "2019.06.15"]
[EventType "swiss"]
[EventCountry "CZE"]
[SourceTitle "playchess.com"]
[Source "ChessBase"]
[SourceQuality "1"]

{[%evp 13,107,-30,-14,-27,6,18,13,22,19,18,18,8,15,15,62,65,63,52,40,49,54,0,10,12,73,80,52,57,139,137,133,119,120,75,83,56,86,86,83,0,0,0,0,0,0,0,0,0,0,0,0,0,8,0,0,0,0,0,4,0,8,8,8,8,8,0,0,0,0,0,0,0,0,0,0,0,0,0,0,-29978,0,0,0,0,0,-29998,167,-29997,-589,-29993,-29994,-29994,-29995,-29995,-29995,-29995]} 1. e4 c5 2. Nf3 d6 3. d4 cxd4 4. Nxd4 Nf6 5. Nc3 a6 6. Be3 e6 7. g4 e5 8. Nf5 {B81: Sicilian Scheveningen: Keres Attack} h5 (8... g6 $5 {[%cal Rg6f5]} 9. Nh6 Bxh6 10. Bxh6 Nxg4 $15) 9. g5 Nxe4 $1 10. Nxg7+ $1 {The position is equal.} Bxg7 11. Nxe4 d5 12. Ng3 $1 {[%cal Rg3h5]} d4 $1 {[%cal Rd4e3]} (12... e4 13. c3 Nc6 14. Nxh5 Be5 15. f4 exf3 16. Qxf3 {1-0 (31) Nisipeanu,L (2667)-Kulaots,K (2546) Tegernsee 2018}) 13. Bd2 $36 {[%mdl 2048] White has some pressure.} Qd5 {...h4 is the strong threat.} 14. c4 Qc6 15. Bd3 Bg4 16. Qc2 $146 Bf3 17. Be4 Bxe4 18. Qxe4 Nd7 (18... h4 $11 19. Qxc6+ Nxc6) 19. Qxc6 $16 bxc6 20. O-O-O Nc5 (20... Nb6 $14) 21. Nf5 Rg8 {Threatening ...Nd3+.} 22. Bb4 Ne6 23. Bd6 Kd7 24. Rhe1 c5 25. h4 f6 26. gxf6 (26. Nxg7 $16 Nxg7 27. Bxc5) 26... Bxf6 $11 27. Bxe5 Raf8 28. Bxf6 Rxf6 29. Re5 Rgf8 30. Rd5+ Kc7 31. Ng3 Rxf2 32. Ne4 {And now Re5 would win.} R2f5 33. Rg1 Rxd5 34. cxd5 {[%mdl 4096] Endgame KRN-KRN} Nf4 35. Rg7+ Kb6 36. d6 Kc6 37. Rc7+ Kd5 38. d7 $1 Nd3+ ({Much weaker is} 38... Kxe4 $6 39. Rc8 $16) 39. Kd2 Kxe4 {KRN-KR} 40. Rc8 Rf2+ 41. Kd1 {Strongly threatening Re8+.} Nxb2+ 42. Ke1 Nd3+ {[%mdl 64] [#] Discovered Attack} 43. Kd1 {Hoping for Re8+.} Nb2+ 44. Ke1 Nd3+ {[%mdl 64] Discovered Attack} 45. Kd1 {aiming for Re8+.} Nb2+ 46. Kc1 $2 {[%mdl 8192] [#]} (46. Ke1 $11 Nd3+ {[%mdl 64] Discovered Attack}) 46... Nd3+ $2 (46... Kd3 $1 47. Rg8 Kc3 48. Rg1 Rf8 49. Kb1 Nd3 50. d8=Q Rxd8 51. a3 Rb8+ 52. Ka1 Rb2 53. Rg3 c4 54. a4 Kb3 55. Rh3 c3 56. Rxd3 Rd2 57. Kb1 Rxd3 58. Kc1 c2 59. a5 Rd1#) 47. Kb1 Rf1+ 48. Kc2 {Threatens to win with Re8+.} Rf2+ $1 49. Kb3 $2 {[%mdl 8192]} (49. Kb1 $11 Rf1+ 50. Kc2 Rf2+ 51. Kd1) 49... Rb2+ $4 {[%mdl 8192]} (49... Nc1+ {mates} 50. Kc4 Rc2#) 50. Ka4 $4 {[%mdl 8192]} (50. Ka3 $18 Ne5 51. Kxb2 (51. d8=Q $2 {is a self mate.} Nc4+ 52. Ka4 Rb4#) 51... Nxd7 52. Kc2) 50... Rb5 (50... Rxa2+ $142 51. Kb3 Nc1+ 52. Kc4 Rc2#) 51. Re8+ Kf3 {Black mates.} 52. Rf8+ Kg2 53. Ka3 Ne5 54. Ka4 {[%mdl 32768] Accuracy: White = 77%, Black = 52%. . An unexpected result.} 1/2-1/2

[Event "Teplice Open 2019"]
[Site "Teplice"]
[Date "2019.06.17"]
[Round "3.19"]
[White "Bulockin, Martin"]
[Black "Warmerdam, Max"]
[Result "0-1"]
[WhiteElo "2165"]
[BlackElo "2475"]
[Annotator "ChessBase"]
[PlyCount "70"]
[EventDate "2019.06.15"]
[EventType "swiss"]
[EventCountry "CZE"]
[SourceTitle "playchess.com"]
[Source "ChessBase"]
[SourceQuality "1"]
[TimeControl "40/5400+30:1800+30"]

1. d4 {[%emt 0:00:00]} d5 {[%emt 0:00:00]} 2. Bf4 {[%emt 0:00:46]} c5 {[%emt 0:00:00]} 3. e3 {[%emt 0:00:41]} cxd4 {[%emt 0:00:07]} 4. exd4 {[%emt 0:00:41]} Nc6 {[%emt 0:00:12]} 5. c3 {[%emt 0:00:21]} f6 {[%emt 0:00:34]} 6. Bd3 {[%emt 0:04:51]} e5 {[%emt 0:00:43]} 7. dxe5 {[%emt 0:10:00]} fxe5 {[%emt 0:00:13]} 8. Bg3 {[%emt 0:04:42]} Nf6 {[%emt 0:01:49]} 9. Ne2 {[%emt 0:01:20]} Bd6 {[%emt 0:06:10]} 10. O-O {[%emt 0:01:04]} O-O {[%emt 0:01:03]} 11. Nd2 {[%emt 0:02:25]} Bg4 {[%emt 0:05:46]} 12. Qe1 {[%emt 0:08:34]} Qc7 {[%emt 0:10:57]} 13. Rc1 {[%emt 0:08:32]} Rae8 {[%emt 0:03:54]} 14. Bb1 {[%emt 0:03:41]} b5 {[%emt 0:12:25]} 15. a4 {[%emt 0:06:42]} a6 {[%emt 0:16:16]} 16. axb5 {[%emt 0:02:31]} axb5 {[%emt 0:00:02]} 17. Kh1 {[%emt 0:04:46]} Bc8 {[%emt 0:06:04]} 18. Qd1 {[%emt 0:03:31]} Kh8 {[%emt 0:00:50]} 19. b3 {[%emt 0:05:51]} e4 {[%emt 0:02:49]} 20. Bxd6 {[%emt 0:05:05]} Qxd6 {[%emt 0:00:02]} 21. h3 {[%emt 0:00:44]} Re6 {[%emt 0:16:36]} 22. Ng1 {[%emt 0:06:08]} b4 {[%emt 0:00:27]} 23. Re1 {[%emt 0:03:38]} bxc3 {[%emt 0:00:41]} 24. Rxc3 {[%emt 0:00:34]} d4 {[%emt 0:00:59]} 25. Rc1 {[%emt 0:02:39]} d3 {[%emt 0:00:58]} 26. Nc4 {[%emt 0:01:09]} Qd4 {[%emt 0:00:35]} 27. Qd2 {[%emt 0:01:15]} Nh5 {[%emt 0:05:41]} 28. Ne3 {[%emt 0:02:37]} Ref6 {[%emt 0:00:33]} 29. Rf1 {[%emt 0:01:57]} Qe5 {[%emt 0:02:05]} 30. b4 {[%emt 0:00:55]} Rxf2 {[%emt 0:00:45]} 31. Nf3 {[%emt 0:01:49]} Rxf1+ {[%emt 0:00:55]} 32. Nxf1 {[%emt 0:00:17]} exf3 {[%emt 0:00:06]} 33. Rxc6 {[%emt 0:02:11]} fxg2+ {[%emt 0:00:08]} 34. Qxg2 {[%emt 0:00:32]} Bb7 {[%emt 0:00:05]} 35. Bxd3 {[%emt 0:00:36]} Nf4 {[%emt 0:01:18]} 0-1

[Event "Teplice Open 2019"]
[Site "Teplice"]
[Date "2019.06.17"]
[Round "3.20"]
[White "Van Foreest, Jorden"]
[Black "Morgunov, Marc"]
[Result "1-0"]
[WhiteElo "2610"]
[BlackElo "2351"]
[Annotator "RC"]
[PlyCount "83"]
[EventDate "2019.06.15"]
[EventType "swiss"]
[EventCountry "CZE"]
[SourceTitle "playchess.com"]
[Source "ChessBase"]
[SourceQuality "1"]
[TimeControl "40/5400+30:1800+30"]

1. c4 {[%emt 0:00:00]} Nf6 {[%emt 0:00:04]} 2. Nc3 {[%emt 0:00:00]} g6 {[%emt 0:03:03]} 3. e4 {[%emt 0:00:00]} d6 {[%emt 0:00:05]} 4. d4 {[%emt 0:00:08]} Bg7 {[%emt 0:00:31]} 5. h3 {[%emt 0:00:30]} O-O {[%emt 0:01:48]} 6. Be3 {[%emt 0:00:40]} e5 {[%emt 0:08:53]} 7. d5 {[%emt 0:00:24]} c6 {[%emt 0:03:35]} 8. g4 {[%emt 0:08:58]} cxd5 {[%emt 0:01:55]} 9. cxd5 {[%emt 0:03:27]} a6 {[%emt 0:08:46]} 10. Nge2 {[%emt 0:00:06]} Nbd7 {[%emt 0:04:03]} 11. Ng3 {[%emt 0:01:21]} b5 {[%emt 0:05:39]} 12. a3 {[%emt 0:06:05]} Nb6 13. b3 {[%emt 0:04:36]} Nfd7 {[%emt 0:04:41]} 14. h4 {[%emt 0:00:41]} Nc5 {[%emt 0:05:09]} 15. Rc1 {[%emt 0:10:18]} Bb7 {[%emt 0:22:54]} 16. Be2 {[%emt 0:00:14]} Rc8 {[%emt 0:02:23]} 17. Kf1 {[%emt 0:01:57]} Rc7 {[%emt 0:10:25]} 18. a4 {[%emt 0:15:05]} b4 {[%emt 0:00:00]} 19. a5 {[%emt 0:02:17]} Nbd7 {[%emt 0:00:41]} 20. Na2 {[%emt 0:00:26]} Rc8 {[%emt 0:00:23]} 21. Nxb4 {[%emt 0:00:58]} Qxa5 {[%emt 0:00:22]} 22. Nc6 {[%emt 0:00:48]} Bxc6 {[%emt 0:00:35]} 23. dxc6 {[%emt 0:00:05]} Rxc6 {[%emt 0:02:06]} 24. h5 {[%emt 0:00:11]} Rfc8 {[%emt 0:03:11]} 25. Bc4 {[%emt 0:01:18]} Qd8 {[%emt 0:03:58]} 26. Bd5 {[%emt 0:08:11]} R6c7 {[%emt 0:00:45]} 27. Ra1 {[%emt 0:05:35]} Nf6 {[%emt 0:02:14]} 28. b4 {[%emt 0:04:03]} Nxd5 {[%emt 0:01:20]} 29. exd5 {[%emt 0:00:06]} Nb7 {[%emt 0:00:43]} 30. Bb6 {[%emt 0:00:44]} Qg5 {[%emt 0:00:24]} 31. Bxc7 {[%emt 0:00:25]} Rxc7 {[%emt 0:00:03]} 32. Qe2 {[%emt 0:02:54]} Rc1+ {[%emt 0:02:04]} 33. Rxc1 {[%emt 0:01:02]} Qxc1+ {[%emt 0:00:04]} 34. Kg2 {[%emt 0:00:05]} Qc3 {[%emt 0:00:20]} 35. hxg6 {[%emt 0:01:01]} fxg6 {[%emt 0:00:12]} 36. Rb1 {[%emt 0:05:48]} Qd4 {[%emt 0:01:23]} 37. Qf3 {[%emt 0:00:25]} Nd8 {[%emt 0:01:02]} 38. Rc1 {[%emt 0:00:24]} Bf8 {[%emt 0:01:08]} 39. Rc7 {[%emt 0:01:10]} Qf4 {[%emt 0:00:47]} 40. Qxf4 {[%emt 0:00:47]} exf4 {[%emt 0:00:05]} 41. Ne4 {[%emt 0:30:19]} Nf7 {[%emt 0:30:20]} 42. Ra7 {[%emt 0:00:09]} 1-0

[Event "Teplice Open 2019"]
[Site "Teplice"]
[Date "2019.06.17"]
[Round "3.21"]
[White "Santos Latasa, Jaime"]
[Black "Serrano, Salvador Eduardo"]
[Result "1-0"]
[WhiteElo "2588"]
[BlackElo "2334"]
[Annotator "ChessBase"]
[PlyCount "65"]
[EventDate "2019.06.15"]
[EventType "swiss"]
[EventCountry "CZE"]
[SourceTitle "playchess.com"]
[Source "ChessBase"]
[SourceQuality "1"]
[TimeControl "40/5400+30:1800+30"]

1. e4 {[%emt 0:00:00]} c5 {[%emt 0:00:00]} 2. Nf3 {[%emt 0:00:00]} e6 {[%emt 0:00:00]} 3. d4 {[%emt 0:00:00]} cxd4 {[%emt 0:00:00]} 4. Nxd4 {[%emt 0:00:00]} Nc6 {[%emt 0:00:00]} 5. Nc3 {[%emt 0:00:00]} Qc7 {[%emt 0:00:05]} 6. g3 {[%emt 0:00:00]} a6 {[%emt 0:00:09]} 7. Bg2 {[%emt 0:00:02]} Nf6 {[%emt 0:00:17]} 8. O-O {[%emt 0:02:36]} Nxd4 {[%emt 0:00:43]} 9. Qxd4 {[%emt 0:00:07]} Bc5 {[%emt 0:00:17]} 10. Bf4 {[%emt 0:00:06]} d6 {[%emt 0:00:24]} 11. Qd2 {[%emt 0:00:08]} h6 {[%emt 0:00:33]} 12. Rad1 {[%emt 0:00:06]} e5 {[%emt 0:00:20]} 13. Be3 {[%emt 0:00:06]} Bg4 {[%emt 0:00:11]} 14. Bxc5 {[%emt 0:01:01]} dxc5 {[%emt 0:00:19]} 15. Qd6 {[%emt 0:00:20]} Qxd6 {[%emt 0:16:29]} 16. Rxd6 {[%emt 0:00:13]} Rd8 {[%emt 0:01:03]} 17. Rb6 {[%emt 0:04:14]} Bc8 {[%emt 0:09:47]} 18. Nd5 {[%emt 0:02:53]} Nxd5 {[%emt 0:01:22]} 19. exd5 {[%emt 0:00:10]} f5 {[%emt 0:16:52]} 20. d6 {[%emt 0:12:26]} O-O {[%emt 0:07:34]} 21. Rd1 {[%emt 0:06:43]} e4 {[%emt 0:00:27]} 22. a4 {[%emt 0:05:19]} Rf6 {[%emt 0:03:41]} 23. a5 {[%emt 0:00:16]} Bd7 {[%emt 0:02:46]} 24. Rxb7 {[%emt 0:00:39]} Bc6 {[%emt 0:00:18]} 25. Rb6 {[%emt 0:00:38]} Rfxd6 {[%emt 0:00:19]} 26. Rxd6 {[%emt 0:00:16]} Rxd6 {[%emt 0:00:05]} 27. Bf1 {[%emt 0:00:40]} f4 {[%emt 0:00:50]} 28. Rxa6 {[%emt 0:03:49]} e3 {[%emt 0:02:45]} 29. fxe3 {[%emt 0:00:37]} fxe3 {[%emt 0:00:09]} 30. Bd3 {[%emt 0:00:22]} Rf6 {[%emt 0:04:07]} 31. Rb6 {[%emt 0:01:49]} Kf8 {[%emt 0:04:19]} 32. a6 {[%emt 0:00:46]} Ke7 {[%emt 0:00:12]} 33. Rxc6 {[%emt 0:01:59]} 1-0

[Event "Teplice Open 2019"]
[Site "Teplice"]
[Date "2019.06.17"]
[Round "3.22"]
[White "Romanov, Evgeny"]
[Black "Simek, Petr"]
[Result "1-0"]
[WhiteElo "2577"]
[BlackElo "2300"]
[Annotator "ChessBase"]
[PlyCount "85"]
[EventDate "2019.06.15"]
[EventType "swiss"]
[EventCountry "CZE"]
[SourceTitle "playchess.com"]
[Source "ChessBase"]
[SourceQuality "1"]
[TimeControl "40/5400+30:1800+30"]

1. c4 {[%emt 0:01:06]} e5 {[%emt 0:00:00]} 2. d3 {[%emt 0:00:19]} Nf6 {[%emt 0:00:13]} 3. a3 {[%emt 0:00:16]} d5 {[%emt 0:05:45]} 4. cxd5 {[%emt 0:00:23]} Nxd5 {[%emt 0:00:07]} 5. Nf3 {[%emt 0:00:07]} Nc6 {[%emt 0:00:26]} 6. e4 {[%emt 0:00:15]} Nb6 {[%emt 0:06:29]} 7. Be3 {[%emt 0:00:26]} Be7 {[%emt 0:06:24]} 8. Nbd2 {[%emt 0:00:30]} Be6 {[%emt 0:03:32]} 9. Rc1 {[%emt 0:01:11]} f6 {[%emt 0:00:24]} 10. Nb3 {[%emt 0:03:05]} Qd7 {[%emt 0:06:33]} 11. Be2 {[%emt 0:03:52]} O-O-O {[%emt 0:10:46]} 12. O-O {[%emt 0:00:34]} g5 {[%emt 0:00:32]} 13. Nc5 {[%emt 0:13:45]} Bxc5 {[%emt 0:00:12]} 14. Rxc5 {[%emt 0:00:08]} g4 {[%emt 0:02:00]} 15. Nh4 {[%emt 0:01:10]} Nd4 {[%emt 0:04:51]} 16. Bxd4 {[%emt 0:00:25]} Qxd4 {[%emt 0:00:05]} 17. Qc2 {[%emt 0:00:51]} Rd7 {[%emt 0:01:26]} 18. Rc1 {[%emt 0:00:51]} c6 {[%emt 0:05:49]} 19. b4 {[%emt 0:04:26]} Kb8 {[%emt 0:00:31]} 20. g3 {[%emt 0:03:28]} h5 {[%emt 0:05:52]} 21. Bf1 {[%emt 0:05:26]} Rhd8 {[%emt 0:02:42]} 22. a4 {[%emt 0:11:36]} Qxb4 {[%emt 0:02:11]} 23. a5 {[%emt 0:01:19]} Na4 {[%emt 0:00:54]} 24. Rxc6 {[%emt 0:00:50]} bxc6 {[%emt 0:28:23]} 25. Rb1 {[%emt 0:00:17]} c5 {[%emt 0:00:20]} 26. Rxb4+ {[%emt 0:00:20]} cxb4 {[%emt 0:00:07]} 27. Qxa4 {[%emt 0:00:22]} b3 {[%emt 0:00:05]} 28. a6 {[%emt 0:11:33]} Rd6 {[%emt 0:00:44]} 29. d4 {[%emt 0:00:55]} b2 {[%emt 0:03:21]} 30. Bd3 {[%emt 0:01:01]} Rb6 {[%emt 0:01:33]} 31. d5 {[%emt 0:00:16]} b1=Q+ {[%emt 0:00:53]} 32. Bxb1 {[%emt 0:00:09]} Rxb1+ {[%emt 0:00:04]} 33. Kg2 {[%emt 0:00:03]} Bc8 {[%emt 0:00:20]} 34. Ng6 {[%emt 0:03:15]} Rb6 {[%emt 0:02:36]} 35. Ne7 {[%emt 0:06:00]} Bd7 {[%emt 0:00:34]} 36. Qa3 {[%emt 0:06:51]} Bb5 {[%emt 0:00:06]} 37. Qc5 {[%emt 0:04:13]} Be2 {[%emt 0:00:51]} 38. Nc6+ {[%emt 0:04:54]} Ka8 {[%emt 0:00:15]} 39. f4 {[%emt 0:00:16]} gxf3+ {[%emt 0:00:59]} 40. Kf2 {[%emt 0:00:10]} Rc8 {[%emt 0:00:18]} 41. Qe7 {[%emt 0:30:50]} Rxa6 {[%emt 0:00:56]} 42. Qd7 {[%emt 0:00:00]} Rh8 {[%emt 0:02:22]} 43. Nd8 {[%emt 0:00:00]} 1-0

[Event "Teplice Open 2019"]
[Site "Teplice"]
[Date "2019.06.17"]
[Round "3.23"]
[White "Dragnev, Valentin"]
[Black "Baum, Jonasz"]
[Result "1-0"]
[WhiteElo "2521"]
[BlackElo "2295"]
[Annotator "ChessBase"]
[PlyCount "67"]
[EventDate "2019.06.15"]
[EventType "swiss"]
[EventCountry "CZE"]
[SourceTitle "playchess.com"]
[Source "ChessBase"]
[SourceQuality "1"]
[TimeControl "40/5400+30:1800+30"]

1. d4 {[%emt 0:00:00]} d5 {[%emt 0:00:00]} 2. Nf3 {[%emt 0:01:10]} e6 {[%emt 0:00:00]} 3. g3 {[%emt 0:00:17]} Nf6 {[%emt 0:00:13]} 4. c4 {[%emt 0:00:24]} dxc4 {[%emt 0:00:06]} 5. Bg2 {[%emt 0:00:05]} Bb4+ {[%emt 0:00:05]} 6. Bd2 {[%emt 0:00:10]} c5 {[%emt 0:00:05]} 7. Bxb4 {[%emt 0:00:31]} cxb4 {[%emt 0:00:06]} 8. Ne5 {[%emt 0:00:07]} O-O {[%emt 0:00:05]} 9. a3 {[%emt 0:00:13]} Nc6 {[%emt 0:04:37]} 10. Bxc6 {[%emt 0:00:32]} bxc6 {[%emt 0:00:05]} 11. axb4 {[%emt 0:00:04]} Qd6 {[%emt 0:11:26]} 12. O-O {[%emt 0:01:06]} Qxb4 {[%emt 0:01:01]} 13. Qd2 {[%emt 0:00:05]} c5 {[%emt 0:12:59]} 14. Qxb4 {[%emt 0:00:17]} cxb4 {[%emt 0:00:02]} 15. Rc1 {[%emt 0:00:06]} c3 {[%emt 0:10:47]} 16. bxc3 {[%emt 0:01:16]} bxc3 {[%emt 0:00:18]} 17. Nxc3 {[%emt 0:01:15]} Bb7 {[%emt 0:17:35]} 18. Nb5 {[%emt 0:03:57]} a5 {[%emt 0:05:01]} 19. f3 {[%emt 0:06:13]} g5 {[%emt 0:13:16]} 20. Nd6 {[%emt 0:08:20]} Bd5 {[%emt 0:00:36]} 21. Rc7 {[%emt 0:02:19]} a4 {[%emt 0:06:46]} 22. Nexf7 {[%emt 0:11:55]} a3 {[%emt 0:01:20]} 23. e4 {[%emt 0:00:31]} Bb3 {[%emt 0:00:31]} 24. Rb7 {[%emt 0:00:37]} Bc2 {[%emt 0:00:59]} 25. Nxg5 {[%emt 0:01:44]} Ne8 {[%emt 0:04:45]} 26. Nxe8 {[%emt 0:02:07]} Rfxe8 {[%emt 0:00:04]} 27. Nxh7 {[%emt 0:00:42]} Red8 {[%emt 0:01:05]} 28. Nf6+ {[%emt 0:00:32]} Kf8 {[%emt 0:00:01]} 29. Rc7 {[%emt 0:00:42]} Bb3 {[%emt 0:01:49]} 30. Rc3 {[%emt 0:00:24]} Rab8 {[%emt 0:04:10]} 31. Rxa3 {[%emt 0:00:21]} Bd1 {[%emt 0:00:04]} 32. Ra7 {[%emt 0:00:42]} e5 {[%emt 0:00:52]} 33. Rcc7 {[%emt 0:00:13]} Bb3 {[%emt 0:00:07]} 34. d5 {[%emt 0:00:05]} 1-0

[Event "Teplice Open 2019"]
[Site "Teplice"]
[Date "2019.06.17"]
[Round "3.24"]
[White "Leisch, Lukas"]
[Black "Krzyzanowski, Marcin"]
[Result "0-1"]
[WhiteElo "2341"]
[BlackElo "2510"]
[Annotator "ChessBase"]
[PlyCount "82"]
[EventDate "2019.06.15"]
[EventType "swiss"]
[EventCountry "CZE"]
[SourceTitle "playchess.com"]
[Source "ChessBase"]
[SourceQuality "1"]
[TimeControl "40/5400+30:1800+30"]

1. Nf3 {[%emt 0:51:35]} d6 {[%emt 0:00:07]} 2. d4 {[%emt 0:00:47]} Nf6 {[%emt 0:00:23]} 3. Nbd2 {[%emt 0:03:03]} g6 {[%emt 0:00:28]} 4. e4 {[%emt 0:00:18]} Bg7 {[%emt 0:00:06]} 5. Bb5+ {[%emt 0:00:22]} c6 {[%emt 0:00:35]} 6. Bd3 {[%emt 0:00:06]} O-O {[%emt 0:00:26]} 7. O-O {[%emt 0:00:11]} Nh5 {[%emt 0:02:43]} 8. c3 {[%emt 0:02:06]} e5 {[%emt 0:01:53]} 9. dxe5 {[%emt 0:01:35]} dxe5 {[%emt 0:00:05]} 10. Nc4 {[%emt 0:07:53]} Qc7 {[%emt 0:02:27]} 11. a4 {[%emt 0:03:55]} Nf4 {[%emt 0:04:25]} 12. Bb1 {[%emt 0:08:18]} Rd8 {[%emt 0:02:11]} 13. Qc2 {[%emt 0:03:24]} Bg4 {[%emt 0:02:16]} 14. Ncd2 {[%emt 0:03:36]} Qd7 {[%emt 0:04:21]} 15. Kh1 {[%emt 0:03:23]} Bh5 {[%emt 0:25:31]} 16. b4 {[%emt 0:20:35]} Na6 {[%emt 0:16:42]} 17. Ba2 {[%emt 0:02:46]} h6 {[%emt 0:06:08]} 18. Ne1 {[%emt 0:04:55]} Be2 {[%emt 0:06:09]} 19. Rg1 {[%emt 0:00:13]} Nc7 {[%emt 0:00:53]} 20. Bb3 {[%emt 0:13:28]} Nce6 {[%emt 0:04:59]} 21. Nc4 {[%emt 0:01:32]} Qe7 {[%emt 0:07:51]} 22. Ne3 {[%emt 0:01:30]} a5 {[%emt 0:02:57]} 23. Ba3 {[%emt 0:03:25]} axb4 {[%emt 0:06:13]} 24. Bxb4 {[%emt 0:00:05]} Qf6 {[%emt 0:00:35]} 25. Bxe6 {[%emt 0:05:16]} Qxe6 {[%emt 0:00:30]} 26. g3 {[%emt 0:00:30]} Bd3 {[%emt 0:00:46]} 27. Nxd3 {[%emt 0:00:04]} Nxd3 {[%emt 0:00:03]} 28. Ba3 {[%emt 0:02:49]} f5 {[%emt 0:01:15]} 29. f3 {[%emt 0:01:19]} Qf7 {[%emt 0:00:59]} 30. Rgf1 {[%emt 0:00:44]} f4 {[%emt 0:00:29]} 31. Rad1 {[%emt 0:01:07]} fxe3 {[%emt 0:00:24]} 32. Rxd3 {[%emt 0:00:05]} Qc4 {[%emt 0:00:21]} 33. Rfd1 {[%emt 0:01:49]} Rxd3 {[%emt 0:00:11]} 34. Rxd3 {[%emt 0:00:50]} Rxa4 {[%emt 0:01:00]} 35. Bc1 {[%emt 0:01:09]} Ra2 {[%emt 0:00:50]} 36. Qd1 {[%emt 0:00:28]} e2 {[%emt 0:00:41]} 37. Rd8+ {[%emt 0:00:03]} Kh7 {[%emt 0:00:06]} 38. Qe1 {[%emt 0:00:12]} Ra1 {[%emt 0:00:52]} 39. Kg2 {[%emt 0:02:38]} Qb3 {[%emt 0:00:30]} 40. Qd2 {[%emt 0:00:47]} e1=Q {[%emt 0:00:37]} 41. Qxe1 {[%emt 0:02:06]} Qc2+ {[%emt 0:00:08]} 0-1

[Event "Teplice Open 2019"]
[Site "Teplice"]
[Date "2019.06.17"]
[Round "3.25"]
[White "Salomon, Johan"]
[Black "Svanda, Ondrej"]
[Result "1-0"]
[WhiteElo "2509"]
[BlackElo "2261"]
[Annotator "ChessBase"]
[PlyCount "69"]
[EventDate "2019.06.15"]
[EventType "swiss"]
[EventCountry "CZE"]
[SourceTitle "playchess.com"]
[Source "ChessBase"]
[SourceQuality "1"]
[TimeControl "40/5400+30:1800+30"]

1. c4 {[%emt 0:00:00]} c5 {[%emt 0:00:00]} 2. Nf3 {[%emt 0:00:00]} g6 {[%emt 0:00:00]} 3. d4 {[%emt 0:00:12]} cxd4 {[%emt 0:00:00]} 4. Nxd4 {[%emt 0:00:06]} Nc6 {[%emt 0:00:19]} 5. e4 {[%emt 0:00:15]} Bg7 {[%emt 0:02:17]} 6. Be3 {[%emt 0:00:13]} Nf6 {[%emt 0:00:51]} 7. Nc3 {[%emt 0:00:06]} d6 {[%emt 0:01:41]} 8. Be2 {[%emt 0:00:11]} O-O {[%emt 0:00:04]} 9. O-O {[%emt 0:00:41]} Bd7 {[%emt 0:00:54]} 10. h3 {[%emt 0:00:57]} Nxd4 {[%emt 0:04:36]} 11. Bxd4 {[%emt 0:01:01]} Bc6 {[%emt 0:00:08]} 12. Qc2 {[%emt 0:02:11]} a5 {[%emt 0:03:46]} 13. Rad1 {[%emt 0:02:51]} Nd7 {[%emt 0:02:09]} 14. Bxg7 {[%emt 0:02:47]} Kxg7 {[%emt 0:00:02]} 15. Bg4 {[%emt 0:00:17]} Ne5 {[%emt 0:13:54]} 16. c5 {[%emt 0:00:24]} Nxg4 {[%emt 0:03:26]} 17. hxg4 {[%emt 0:00:03]} Qc8 {[%emt 0:02:20]} 18. cxd6 {[%emt 0:01:05]} exd6 {[%emt 0:18:33]} 19. f3 {[%emt 0:10:48]} Rd8 {[%emt 0:02:11]} 20. Rd4 {[%emt 0:01:22]} Qe6 {[%emt 0:04:56]} 21. Rfd1 {[%emt 0:00:18]} Qe5 {[%emt 0:07:01]} 22. Qd2 {[%emt 0:04:38]} Qc5 {[%emt 0:01:10]} 23. Qf4 {[%emt 0:02:58]} b5 {[%emt 0:06:18]} 24. Kh2 {[%emt 0:00:41]} b4 {[%emt 0:04:04]} 25. Ne2 {[%emt 0:01:25]} Qb5 {[%emt 0:05:02]} 26. Ng3 {[%emt 0:01:16]} Qa4 {[%emt 0:01:16]} 27. Rxd6 {[%emt 0:13:02]} Rxd6 {[%emt 0:05:10]} 28. Rxd6 {[%emt 0:00:07]} Be8 {[%emt 0:02:33]} 29. Qg5 {[%emt 0:02:50]} Kf8 {[%emt 0:03:02]} 30. Qh6+ {[%emt 0:04:10]} Kg8 {[%emt 0:00:13]} 31. e5 {[%emt 0:05:10]} Qb5 {[%emt 0:01:44]} 32. Qf4 {[%emt 0:00:37]} Rc8 {[%emt 0:01:17]} 33. Ne4 {[%emt 0:00:54]} Kg7 {[%emt 0:02:45]} 34. Qf6+ {[%emt 0:04:11]} Kg8 {[%emt 0:00:07]} 35. e6 {[%emt 0:01:15]} 1-0

[Event "Teplice Open 2019"]
[Site "Teplice"]
[Date "2019.06.17"]
[Round "3.26"]
[White "Morgunov, Daniel"]
[Black "Cernousek, Lukas"]
[Result "0-1"]
[WhiteElo "2289"]
[BlackElo "2466"]
[Annotator "ChessBase"]
[PlyCount "56"]
[EventDate "2019.06.15"]
[EventType "swiss"]
[EventCountry "CZE"]
[SourceTitle "playchess.com"]
[Source "ChessBase"]
[SourceQuality "1"]
[TimeControl "40/5400+30:1800+30"]

1. e4 {[%emt 0:00:00]} c5 {[%emt 0:00:00]} 2. Nf3 {[%emt 0:00:03]} d6 {[%emt 0:00:00]} 3. d4 {[%emt 0:01:49]} Nf6 {[%emt 0:00:02]} 4. Nc3 {[%emt 0:00:06]} cxd4 {[%emt 0:00:05]} 5. Nxd4 {[%emt 0:00:02]} a6 {[%emt 0:00:07]} 6. Be3 {[%emt 0:00:04]} e6 {[%emt 0:00:25]} 7. g4 {[%emt 0:02:26]} e5 {[%emt 0:00:05]} 8. Nf5 {[%emt 0:01:58]} g6 {[%emt 0:00:03]} 9. Nh6 {[%emt 0:05:07]} Bxh6 {[%emt 0:00:07]} 10. Bxh6 {[%emt 0:00:03]} Nxg4 {[%emt 0:00:14]} 11. Qd2 {[%emt 0:02:06]} Nxh6 {[%emt 0:02:46]} 12. Qxh6 {[%emt 0:00:06]} Be6 {[%emt 0:00:14]} 13. h4 {[%emt 0:06:13]} Nc6 {[%emt 0:31:41]} 14. h5 {[%emt 0:08:05]} Qf6 {[%emt 0:09:13]} 15. Bh3 {[%emt 0:06:03]} Qf3 {[%emt 0:14:09]} 16. Qg7 {[%emt 0:07:46]} O-O-O {[%emt 0:08:18]} 17. Bxe6+ {[%emt 0:02:15]} fxe6 {[%emt 0:00:02]} 18. Rf1 {[%emt 0:07:50]} Nd4 {[%emt 0:07:32]} 19. Kd2 {[%emt 0:02:04]} Qxh5 {[%emt 0:02:48]} 20. Rad1 {[%emt 0:03:43]} Nf3+ {[%emt 0:11:01]} 21. Kd3 {[%emt 0:04:54]} d5 {[%emt 0:05:43]} 22. Rh1 {[%emt 0:02:39]} Qg4 {[%emt 0:03:22]} 23. Rxh7 {[%emt 0:02:10]} Rxh7 {[%emt 0:00:06]} 24. Qxh7 {[%emt 0:00:04]} dxe4+ {[%emt 0:00:46]} 25. Ke3 {[%emt 0:00:53]} Qf4+ {[%emt 0:00:46]} 26. Ke2 {[%emt 0:00:05]} Rd2+ {[%emt 0:00:11]} 27. Kf1 {[%emt 0:01:22]} Rxf2+ {[%emt 0:00:07]} 28. Kxf2 {[%emt 0:00:06]} Ng5+ {[%emt 0:00:05]} 0-1